000
00448nam a2200145Ia 4500
008
100204s9999 xx 000 0 und d
082
_b
1240
100
_a
भागवत लीलावती
245
_a
रेशीमबंध
260
_b
"इंद्र्रायणी साहित्य , पुणे"
_c
1979
300
_a
86
630
_a
रेशीमबंध
730
_a
रेशीमबंध
942
_c
BOOK
999
_c
446407
_d
446404